Alle Oscar Gewinner in der Kategorie Bester Hauptdarsteller - Statistiken

Allgemein
  • Dieses Quiz wurde 35 mal gespielt
  • Das Durchschnittsergebnis liegt bei 20 aus 45
Antwortstatistiken
Hint Antwort % Korrekt
2016 The Revenant Leonardo DiCaprio
93%
1995 Forrest Gump Tom Hanks
86%
1994 Philadelphia Tom Hanks
86%
2021 The Father Anthony Hopkins
76%
1992 Das Schweigen der Lämmer Anthony Hopkins
76%
2024 Oppenheimer Cillian Murphy
62%
2020 Joker Joaquin Phoenix
62%
2001 Gladiator Russell Crowe
62%
2022 King Richard Will Smith
62%
2023 The Whale Brendan Fraser
59%
2003 Der Pianist Adrien Brody
55%
1989 Rain Man Dustin Hoffman
55%
1980 Kramer gegen Kramer Dustin Hoffman
55%
2019 Bohemian Rhapsody Rami Malek
55%
1993 Der Duft der Frauen Al Pacino
52%
2011 The King's Speech Colin Firth
52%
2006 Capote Philipp Seymour Hoffman
52%
1981 Wie ein wilder Stier Robert de Niro
52%
1998 Besser geht's nicht Jack Nicholson
48%
2005 Ray Jamie Foxx
48%
1988 Wall Street Michael Douglas
48%
2009 Milk Sean Penn
48%
2004 Mystic River Sean Penn
48%
1983 Gandhi Ben Kingsley
45%
2013 Lincoln Daniel Day-Lewis
45%
2008 There will be blood Daniel Day-Lewis
45%
1990 Mein linker Fuß Daniel Day-Lewis
45%
2002 Training Day Denzel Washington
45%
2017 Manchester by the sea Casey Affleck
41%
2018 Die dunkelste Stunde Gary Oldman
41%
2007 Der letzte König von Schottland Forest Whitaker
38%
2014 Dallas Buyers Club Matthew McConaughey
38%
1996 Leaving Las Vegas Nicolas Cage
38%
2015 Die Entdeckung der Unendlichkeit Eddie Redmayne
34%
2000 American Beauty Kevin Spacey
34%
1999 Das Leben ist schön Roberto Benigni
24%
2012 The Artist Jean Dujardin
21%
2010 Crazy Heart Jeff Bridges
21%
1997 Shine - Der Weg ins Licht Geoffrey Rush
17%
1987 Die Farbe des Geldes Paul Newman
17%
1982 Am goldenen See Henry Fonda
14%
1986 Kuss der Spinnenfrau William Hurt
10%
1985 Amadeus F. Murray Abraham
7%
1991 Die Affäre der Sunny von B. Jeremy Irons
7%
1984 Comeback der Liebe Robert Duvall
7%
Keine übereinstimmenden Quizze gefunden
Verteilung der Resultate
Anzahl Personen mit jedem Resultat
Perzentil nach korrekt beantworteten Fragen
Ihre Resultats-Entwicklung
Sie haben dieses Quiz noch nicht gespielt